00258nam a2200109Ia 4500008004100000082001000041100001700051245002100068260001700089630002100106730002100127100328s9999 xx 000 0 und d b56633 aRoberts Nora aHeart Of The Sea bBerkley Pub. aHeart Of The Sea aHeart Of The Sea